000 00677nab a2200193 4500
001 244442
003 OSt
005 20251006083116.0
007 tu
008 200917s2020|||||||
040 _aDE-2950
_cDE-2950
245 0 0 _aHalbleiter-Experten warten auf Antwort aus dem Rathaus
_bKooperation. Frankfurter Fachleute mit Kontakten in die Halbleiter-Branche haben Pläne, um die Wirtschaft anzukurbeln. Doch sie fühlen sich nicht gehört/
_cThomas Meiler
264 _c2025
653 _aFrankfurt (Oder)
653 _aWirtschaft
653 _aThesenpapier
773 0 _g36. Jahrgang (2025) Nr. 229 vom 01.10.2025, S. 16 mit Foto
_tMärkische Oderzeitung
942 _2z
_cA
999 _c374047
_d374047